Zákon o prevencii závažných priemyselných havárií od 1.8.2015

Právna úprava prevencie závažných priemyselných havárií v SR. Nové znenie zákona na základe prijatej Smernice Európskeho parlamentu a Rady 2012/18/EÚ zo 4. júla 2012 o kontrole nebezpečenstiev závažných havárií s prítomnosťou nebezpečných látok.

Salvato in:
Dettagli Bibliografici
Autore principale: Válek, Juraj, 1981-
Natura: Capitolo di libro
Lingua:slovacco
Soggetti:
Tags: Aggiungi Tag
Nessun Tag, puoi essere il primo ad aggiungerne!!

MARC

LEADER 00000nla a2200000 4500
001 0207042
005 20240502073435.7
041 0 |a slo 
044 |a SK 
245 1 0 |a Zákon o prevencii závažných priemyselných havárií od 1.8.2015  |c Juraj Válek 
520 |a Právna úprava prevencie závažných priemyselných havárií v SR. Nové znenie zákona na základe prijatej Smernice Európskeho parlamentu a Rady 2012/18/EÚ zo 4. júla 2012 o kontrole nebezpečenstiev závažných havárií s prítomnosťou nebezpečných látok. 
610 2 0 |a havárie 
610 2 0 |a priemysel 
610 2 0 |a úpravy právne 
100 1 |a Válek, Juraj, 1981-